000 00354nam a2200133Ia 4500
008 240624s9999 xx 000 0 und d
041 _aeng
082 _a658.8 NAG
100 _aNAGLE THOMAS T
245 _aSTRATEGY AND TACTICS OF PRICING A GUIDE
250 _a(4th ed.)
260 _c2009
_aNew Delhi
_bPearson Education
300 _a365 : p. : cm. ; 24
999 _c13066
_d13066